000 00498cam a2200205ua 4500
001 5486
008 121102n ii |||gr||||Z||||||eng
020 _a978-81-7890-229-6
040 _cMAIN
082 _a333.7
100 1 _aRaj, Madhu,
_eAuthor.
245 1 1 _aGreen economics
_cby Madhu Raj
250 _a1st.
260 _aDelhi:
_bIvy publishing house,
_c2011.
300 _a90p.
653 _aEconomics
653 _aGreen economics
653 _aEconomics of land and energy
942 _cBK
999 _c4665
_d4665